000 00422cam a2200169ua 4500
003 OSt
008 221001b |||||||| |||| 00| 0 eng d
041 _aeng
082 _a635.9
_bBUT/IN
100 _aButani, Dhamo K .
_95266
245 _aInsects in vegetables /
250 _a1 /
260 _aDelhi :
_bPeriodical expert book agency ,
_c1984.
300 _a356 ; .
700 1 _aJotwani, M G .
_95267
942 _cBK
999 _c7277
_d7277